000 00469nam a22001697a 4500
003 NUST - PNEC
005 20170116180957.0
008 150912b xxu||||| |||| 00| 0 eng d
022 _20070038805
040 _cLIBRARY
082 _a004 BAR
100 _99295
_aBartee, Thomas C.
245 _aIntroduction to computer science
_c Thomas C.Bartee
260 _cc.1975
650 _916358
_bMS communication
_xMIS. Computer Science
_aComputer Science
942 _2ddc
_cBK
999 _c66568
_d66568